Stati per importazioni di Gas naturale - Statistics

Statistiche generali
  • Questo quiz è stato fatto 7 volte
  • Il punteggio medio è 9 su 10
Statistiche sulle risposte
Importazioni (m³ / anno) Continente Nazione % Corretto
52 578 000 000 Asia Cina
100%
46 200 000 000 Europa Francia
100%
155 493 000 000 Europa Germania
100%
70 200 000 000 Europa Italia
100%
38 200 000 000 Asia / Europa Russia
100%
45 000 000 000 America del Nord Stati Uniti
100%
38 040 000 000 Asia / Europa Turchia
100%
99 774 000 000 Asia Giappone
86%
53 630 000 000 Europa Regno Unito
86%
51 888 000 000 Asia Corea del Sud
71%
Nessun quiz corrispondente trovato
Distribuzione punteggi
Percentuale di utenti per punteggio
Percentile per numero di risposta
I tuoi punteggi nel tempo
Non hai fatto questo quiz